[Event "Miedzyzdroje OB Seniors 23rd"]
[Site "Miedzyzdroje"]
[Date "2015.06.19"]
[Round "3"]
[White "Roellig, Wolfgang"]
[Black "Thur, Herbert"]
[Result "1/2-1/2"]
[WhiteElo "1624"]
[BlackElo "1541"]
[PlyCount "83"]
[EventDate "2015.06.17"]
[EventType "swiss"]
[EventRounds "8"]
[EventCountry "POL"]
[SourceTitle "EXT 2018"]
[Source "ChessBase"]
[SourceDate "2017.10.13"]
[SourceVersion "1"]
[SourceVersionDate "2017.10.13"]
[SourceQuality "1"]

1. d4 d5 2. Nf3 Nc6 3. h3 h6 4. Bf4 Nf6 5. e3 e6 6. Bd3 Bd6 7. Bxd6 Qxd6 8. c3 0-0 9. 0-0 a6 10. Re1 e5 11. dxe5 Nxe5 12. Nxe5 Qxe5 13. Nd2 Bf5 14. Bxf5 Qxf5 15. Nf3 c6 16. Qe2 Rfe8 17. Rad1 Re4 18. Rd4 Rae8 19. Rxe4 Rxe4 20. Rd1 b5 21. a3 Qh5 22. Rd2 g5 23. Nh2 g4 24. f3 gxf3 25. Qxf3 Qxf3 26. gxf3 Rxe3 27. Rg2+ Kh7 28. Kf2 Re5 29. Ng4 Rf5 30. Nxf6+ Rxf6 31. Ke3 c5 32. Rg3 Rf5 33. Kd3 Rg5 34. Rxg5 hxg5 35. Ke3 f5 36. f4 gxf4+ 37. Kxf4 Kg6 38. h4 a5 39. h5+ Kxh5 40. Kxf5 d4 41. cxd4 cxd4 42. Ke4 1/2-1/2

[Event "Niedersachsen-ch Seniors op 14th"]
[Site "Bad Bevensen"]
[Date "2011.07.12"]
[Round "8"]
[White "Roth, Martin1111"]
[Black "Roellig, Wolfgang"]
[Result "1/2-1/2"]
[WhiteElo "1143"]
[BlackElo "1282"]
[PlyCount "33"]
[EventDate "2011.07.05"]
[EventType "swiss"]
[EventRounds "9"]
[EventCountry "GER"]
[SourceTitle "EXT 2012"]
[Source "ChessBase"]
[SourceDate "2011.11.24"]
[SourceVersion "1"]
[SourceVersionDate "2011.11.24"]
[SourceQuality "1"]

1. e4 e6 2. Nf3 d5 3. Nc3 dxe4 4. Nxe4 Nd7 5. d4 Ngf6 6. Bd3 Nxe4 7. Bxe4 Nf6 8. Bg5 Be7 9. Qd3 Nxe4 10. Bxe7 Qxe7 11. Qxe4 c6 12. 0-0 0-0 13. c3 h6 14. Rfe1 Qd6 15. Qe5 Qxe5 16. Nxe5 Rd8 17. Re3 1/2-1/2

[Event "Niedersachsen-ch Seniors op 14th"]
[Site "Bad Bevensen"]
[Date "2011.07.09"]
[Round "5"]
[White "Borkenhagen, Bernd"]
[Black "Roellig, Wolfgang"]
[Result "1/2-1/2"]
[WhiteElo "1469"]
[BlackElo "1282"]
[PlyCount "123"]
[EventDate "2011.07.05"]
[EventType "swiss"]
[EventRounds "9"]
[EventCountry "GER"]
[SourceTitle "EXT 2012"]
[Source "ChessBase"]
[SourceDate "2011.11.24"]
[SourceVersion "1"]
[SourceVersionDate "2011.11.24"]
[SourceQuality "1"]

1. d4 d5 2. e3 Nf6 3. Bd3 e6 4. Nf3 Bd6 5. 0-0 0-0 6. Re1 Re8 7. Nbd2 c6 8. a3 Nbd7 9. e4 dxe4 10. Nxe4 Nxe4 11. Bxe4 h6 12. c3 Nf6 13. Bb1 Qc7 14. h3 Rd8 15. Qc2 Bf4 16. Bxf4 Qxf4 17. Ne5 Qf5 18. Qe2 Qg5 19. Nf3 Qa5 20. b4 Qc7 21. Ne5 b6 22. Ng4 Nxg4 23. Qxg4 Bb7 24. Qe4 g6 25. Qe3 Qd7 26. Qxh6 c5 27. Be4 cxd4 28. Bxb7 Qxb7 29. cxd4 Rxd4 30. Re3 Rad8 31. Qg5 Qc7 32. Qg3 Qxg3 33. Rxg3 Rd1+ 34. Rxd1 Rxd1+ 35. Kh2 Rd7 36. f4 Kg7 37. Rf3 Rd5 38. h4 Kf6 39. g4 Kg7 40. Kg3 f6 41. g5 fxg5 42. hxg5 Rd7 43. Rc3 Kf7 44. Kf3 Ke7 45. Ke4 Kf7 46. b5 Ke7 47. a4 Kf7 48. Rc4 Ke7 49. Rc6 Kf7 50. Ke5 Rd5+ 51. Ke4 Rd7 52. Rc4 Ke7 53. Rb4 Kf7 54. Rd4 Rc7 55. Ke5 Ke7 56. Ke4 Rc5 57. Kd3 Rc7 58. Rc4 Rd7+ 59. Kc3 Kd8 60. Kb4 Rd1 61. Re4 Kd7 62. Kc4 1/2-1/2

[Event "Niedersachsen-ch Seniors op 14th"]
[Site "Bad Bevensen"]
[Date "2011.07.08"]
[Round "4"]
[White "Roellig, Wolfgang"]
[Black "Schwenke, Norbert"]
[Result "1/2-1/2"]
[WhiteElo "1282"]
[BlackElo "1389"]
[PlyCount "37"]
[EventDate "2011.07.05"]
[EventType "swiss"]
[EventRounds "9"]
[EventCountry "GER"]
[SourceTitle "EXT 2012"]
[Source "ChessBase"]
[SourceDate "2011.11.24"]
[SourceVersion "1"]
[SourceVersionDate "2011.11.24"]
[SourceQuality "1"]

1. d4 Nf6 2. Nf3 g6 3. h3 Bg7 4. Bf4 d6 5. e3 0-0 6. Bc4 a6 7. 0-0 b5 8. Bd3 Bb7 9. c3 Nbd7 10. Nbd2 Rc8 11. Bc2 c5 12. Re1 Re8 13. Bg3 Qb6 14. a3 c4 15. Qb1 Bc6 16. Ne4 Qb7 17. Ned2 Bh6 18. Qa2 Nb6 19. Qb1 1/2-1/2

[Event "Niedersachsen-ch Seniors op 13th"]
[Site "Bad Bevensen"]
[Date "2010.07.14"]
[Round "9"]
[White "Kuhnert, Werner Eberhard"]
[Black "Roellig, Wolfgang"]
[Result "1/2-1/2"]
[WhiteElo "1313"]
[BlackElo "1280"]
[PlyCount "32"]
[EventDate "2010.07.06"]
[EventType "swiss"]
[EventRounds "9"]
[EventCountry "GER"]
[SourceTitle "EXT 2012"]
[Source "ChessBase"]
[SourceDate "2011.11.24"]
[SourceVersion "1"]
[SourceVersionDate "2011.11.24"]
[SourceQuality "1"]

1. d4 d5 2. c4 Nf6 3. Nc3 c6 4. Bg5 Bf5 5. Nf3 Nbd7 6. cxd5 cxd5 7. Rc1 h6 8. Bf4 e6 9. e3 Be7 10. Bd3 Bxd3 11. Qxd3 0-0 12. 0-0 Nb6 13. Nb5 a6 14. Nc3 Bd6 15. Ne5 Nh5 16. Ne2 Nxf4 1/2-1/2

[Event "Niedersachsen-ch Seniors op 13th"]
[Site "Bad Bevensen"]
[Date "2010.07.08"]
[Round "3"]
[White "Neumann, Reinhard"]
[Black "Roellig, Wolfgang"]
[Result "1-0"]
[WhiteElo "1521"]
[BlackElo "1280"]
[PlyCount "69"]
[EventDate "2010.07.06"]
[EventType "swiss"]
[EventRounds "9"]
[EventCountry "GER"]
[SourceTitle "EXT 2012"]
[Source "ChessBase"]
[SourceDate "2011.11.24"]
[SourceVersion "1"]
[SourceVersionDate "2011.11.24"]
[SourceQuality "1"]

1. e4 e6 2. d4 d5 3. e5 c5 4. c3 cxd4 5. cxd4 Qb6 6. Nf3 Nc6 7. a3 Bd7 8. Be2 Be7 9. 0-0 f5 10. Nc3 Bd8 11. Na4 Qc7 12. Nc5 Nge7 13. Ng5 0-0 14. Ngxe6 Bxe6 15. Nxe6 Qb6 16. Nxf8 Kxf8 17. b4 Nxd4 18. Be3 Nxe2+ 19. Qxe2 Qe6 20. Bc5 b6 21. Bd6 Kg8 22. Bxe7 Bxe7 23. f4 Rc8 24. Rac1 Rxc1 25. Rxc1 Bd8 26. Qb5 h6 27. Rc6 Qe8 28. Qxd5+ Kh7 29. e6 Qe7 30. Qxf5+ Kg8 31. Rc8 Qh4 32. g3 Qe7 33. Qd5 Qf6 34. Rxd8+ Kh7 35. Qd3+ 1-0

[Event "Bad Bevensen Seniors op 12th"]
[Site "Bad Bevensen"]
[Date "2009.07.15"]
[Round "9"]
[White "Roellig, Wolfgang"]
[Black "Donner, Ernst"]
[Result "1/2-1/2"]
[WhiteElo "1317"]
[BlackElo "1392"]
[PlyCount "137"]
[EventDate "2009.07.07"]
[EventType "swiss"]
[EventRounds "9"]
[EventCountry "GER"]
[SourceTitle "EXT 2022"]
[Source "ChessBase"]
[SourceDate "2021.10.06"]
[SourceVersion "1"]
[SourceVersionDate "2021.10.06"]
[SourceQuality "1"]

1. d4 Nf6 2. Nf3 g6 3. Bf4 Bg7 4. e3 d6 5. h3 Nbd7 6. c3 a6 7. Bd3 c6 8. Bc2 Qc7 9. Nbd2 e5 10. Bh2 0-0 11. 0-0 exd4 12. exd4 Nb6 13. Re1 Bd7 14. Re2 Rfe8 15. Rxe8+ Rxe8 16. Qf1 Nc8 17. Re1 Qb6 18. Rxe8+ Bxe8 19. Qb1 Qd8 20. Qe1 b6 21. Qb1 Bd7 22. Qe1 Be6 23. Qb1 Bf8 24. Bb3 Bxb3 25. Nxb3 c5 26. dxc5 dxc5 27. Nbd2 Bh6 28. Qe1 Qd5 29. b3 b5 30. Bg3 Bxd2 31. Nxd2 Qd7 32. Nf3 Qe7 33. Qxe7 Nxe7 34. Bd6 Ned5 35. Bxc5 Nxc3 36. a3 Nd7 37. Be3 f6 38. Kf1 Kf7 39. Bd4 Nd5 40. g3 Ke6 41. Ke2 h6 42. Nd2 f5 43. f3 h5 44. h4 Nb8 45. f4 Nc6 46. Bb2 Nb6 47. Nf3 Nd7 48. Nd4+ Nxd4+ 49. Bxd4 Kd5 50. Kd3 Nb8 51. Be5 Nc6 52. Bc3 a5 53. b4 axb4 54. axb4 Ke6 55. Ke2 Kd6 56. Kd3 Ne7 57. Ke2 Nd5 58. Bd2 Nb6 59. Bc3 Kd5 60. Kd3 Nc4 61. Be1 Nb2+ 62. Kc2 Nc4 63. Kd3 Nd6 64. Bc3 Ne4 65. Be1 Nf6 66. Bd2 Ng4 67. Be1 Nh2 68. Bd2 Nf3 69. Bc3 1/2-1/2

[Event "Bad Bevensen Seniors op 12th"]
[Site "Bad Bevensen"]
[Date "2009.07.13"]
[Round "7"]
[White "Roellig, Wolfgang"]
[Black "Ehresmann, Horst"]
[Result "1/2-1/2"]
[WhiteElo "1317"]
[BlackElo "1380"]
[PlyCount "23"]
[EventDate "2009.07.07"]
[EventType "swiss"]
[EventRounds "9"]
[EventCountry "GER"]
[SourceTitle "EXT 2022"]
[Source "ChessBase"]
[SourceDate "2021.10.06"]
[SourceVersion "1"]
[SourceVersionDate "2021.10.06"]
[SourceQuality "1"]

1. d4 g6 2. Nf3 Bg7 3. Bf4 d6 4. e3 e6 5. c3 a6 6. Bd3 h6 7. Bc2 Ne7 8. h3 b6 9. Nbd2 Bb7 10. 0-0 0-0 11. Re1 Nd7 12. Bh2 1/2-1/2

[Event "Bad Bevensen Seniors op 12th"]
[Site "Bad Bevensen"]
[Date "2009.07.12"]
[Round "6"]
[White "Garbe, Eckhard"]
[Black "Roellig, Wolfgang"]
[Result "1/2-1/2"]
[WhiteElo "1432"]
[BlackElo "1317"]
[PlyCount "52"]
[EventDate "2009.07.07"]
[EventType "swiss"]
[EventRounds "9"]
[EventCountry "GER"]
[SourceTitle "EXT 2022"]
[Source "ChessBase"]
[SourceDate "2021.10.06"]
[SourceVersion "1"]
[SourceVersionDate "2021.10.06"]
[SourceQuality "1"]

1. d4 d5 2. Nf3 Nf6 3. c4 e6 4. Nc3 c6 5. e3 Bd6 6. h3 Bc7 7. Bd3 h6 8. c5 Nbd7 9. b4 0-0 10. 0-0 Re8 11. Re1 e5 12. dxe5 Nxe5 13. Nxe5 Bxe5 14. Bd2 Bc7 15. Ne2 Bd7 16. Nf4 Qc8 17. Bc3 Be5 18. Rc1 Bxc3 19. Rxc3 Bf5 20. Qc2 Bxd3 21. Qxd3 Qc7 22. g3 Re7 23. Rc2 Rae8 24. Rce2 Re4 25. a3 R4e7 26. Kg2 Re4 1/2-1/2

[Event "Bad Bevensen Seniors op 12th"]
[Site "Bad Bevensen"]
[Date "2009.07.08"]
[Round "2"]
[White "Detert, Heinz"]
[Black "Roellig, Wolfgang"]
[Result "1-0"]
[WhiteElo "1740"]
[BlackElo "1317"]
[PlyCount "41"]
[EventDate "2009.07.07"]
[EventType "swiss"]
[EventRounds "9"]
[EventCountry "GER"]
[SourceTitle "EXT 2022"]
[Source "ChessBase"]
[SourceDate "2021.10.06"]
[SourceVersion "1"]
[SourceVersionDate "2021.10.06"]
[SourceQuality "1"]

1. d4 d5 2. Nf3 Nf6 3. e3 h6 4. Bd3 e6 5. Nbd2 Bd6 6. 0-0 0-0 7. b3 Re8 8. Bb2 Nbd7 9. Ne5 c6 10. Qe2 Qc7 11. f4 a6 12. Rac1 b5 13. c4 bxc4 14. bxc4 dxc4 15. Ndxc4 Bb7 16. Nxd6 Qxd6 17. f5 Red8 18. fxe6 Qxe6 19. Bc4 Qe7 20. Bxf7+ Kh8 21. Ng6+ 1-0

[Event "Niedersachsen-ch Seniors op 11th"]
[Site "Bad Bevensen"]
[Date "2008.07.13"]
[Round "6"]
[White "Marwitz, Ullrich"]
[Black "Roellig, Wolfgang"]
[Result "1/2-1/2"]
[WhiteElo "894"]
[BlackElo "1318"]
[PlyCount "32"]
[EventDate "2008.07.08"]
[EventType "swiss"]
[EventRounds "9"]
[EventCountry "GER"]
[SourceTitle "EXT 2022"]
[Source "ChessBase"]
[SourceDate "2021.10.06"]
[SourceVersion "1"]
[SourceVersionDate "2021.10.06"]
[SourceQuality "1"]

1. e4 e6 2. Nf3 d5 3. exd5 exd5 4. d4 Nf6 5. Nc3 c6 6. Bd3 h6 7. a3 Bd6 8. 0-0 0-0 9. g3 Re8 10. Re1 Bg4 11. Rxe8+ Qxe8 12. Qe2 Qxe2 13. Bxe2 Bf5 14. Ne1 Nbd7 15. Be3 Re8 16. Bd3 Bxd3 1/2-1/2

[Event "Niedersachsen-ch Seniors op 10th"]
[Site "Bad Bevensen"]
[Date "2007.07.10"]
[Round "8"]
[White "Roellig, Wolfgang"]
[Black "Wolf, Margot"]
[Result "1/2-1/2"]
[WhiteElo "1353"]
[BlackElo "1328"]
[PlyCount "27"]
[EventDate "2007.07.03"]
[EventType "swiss"]
[EventRounds "9"]
[EventCountry "GER"]
[SourceTitle "EXT 2022"]
[Source "ChessBase"]
[SourceDate "2021.10.06"]
[SourceVersion "1"]
[SourceVersionDate "2021.10.06"]
[SourceQuality "1"]

1. d4 d5 2. Nf3 Nf6 3. h3 Bf5 4. e3 e6 5. c3 c5 6. Bd3 Bxd3 7. Qxd3 Nc6 8. Nbd2 cxd4 9. exd4 Bd6 10. 0-0 0-0 11. Re1 Qc7 12. Nb3 Na5 13. Nxa5 Qxa5 14. Bd2 1/2-1/2

[Event "Niedersachsen-ch Seniors op 10th"]
[Site "Bad Bevensen"]
[Date "2007.07.07"]
[Round "5"]
[White "Roellig, Wolfgang"]
[Black "Fritsche, Rainer"]
[Result "1/2-1/2"]
[WhiteElo "1353"]
[BlackElo "1313"]
[PlyCount "27"]
[EventDate "2007.07.03"]
[EventType "swiss"]
[EventRounds "9"]
[EventCountry "GER"]
[SourceTitle "EXT 2022"]
[Source "ChessBase"]
[SourceDate "2021.10.06"]
[SourceVersion "1"]
[SourceVersionDate "2021.10.06"]
[SourceQuality "1"]

1. d4 Nf6 2. Nf3 e6 3. h3 b6 4. Bf4 Bb7 5. e3 d5 6. c3 Bd6 7. Bxd6 Qxd6 8. Bd3 h6 9. Nbd2 Nbd7 10. Bc2 a6 11. 0-0 0-0 12. Re1 Rfe8 13. e4 e5 14. exd5 1/2-1/2

[Event "Niedersachsen-ch Seniors op 09th"]
[Site "Bad Bevensen"]
[Date "2006.06.30"]
[Round "7"]
[White "Roellig, Wolfgang"]
[Black "Stier, Uwe"]
[Result "0-1"]
[WhiteElo "1404"]
[BlackElo "1653"]
[PlyCount "54"]
[EventDate "2006.06.24"]
[EventType "swiss"]
[EventRounds "9"]
[EventCountry "GER"]
[SourceTitle "EXT 2022"]
[Source "ChessBase"]
[SourceDate "2021.10.06"]
[SourceVersion "1"]
[SourceVersionDate "2021.10.06"]
[SourceQuality "1"]

1. d4 Nf6 2. Nf3 g6 3. h3 Bg7 4. Bf4 d6 5. c3 c6 6. e3 Nbd7 7. Bd3 Qc7 8. Bc2 e5 9. dxe5 dxe5 10. Bh2 0-0 11. 0-0 Nd5 12. Nbd2 Re8 13. Re1 b5 14. a3 Bb7 15. Qb1 c5 16. Rc1 c4 17. Be4 Bc6 18. Nf1 Qb7 19. Bxd5 Bxd5 20. N1d2 Nc5 21. Ne1 Rad8 22. f3 f5 23. e4 fxe4 24. fxe4 Nxe4 25. Ndf3 Qb6+ 26. Nd4 exd4 27. cxd4 Qxd4+ 0-1

[Event "Niedersachsen-ch Seniors op 09th"]
[Site "Bad Bevensen"]
[Date "2006.06.29"]
[Round "6"]
[White "Hoose, Hannelore"]
[Black "Roellig, Wolfgang"]
[Result "1/2-1/2"]
[WhiteElo "1527"]
[BlackElo "1404"]
[PlyCount "64"]
[EventDate "2006.06.24"]
[EventType "swiss"]
[EventRounds "9"]
[EventCountry "GER"]
[SourceTitle "EXT 2022"]
[Source "ChessBase"]
[SourceDate "2021.10.06"]
[SourceVersion "1"]
[SourceVersionDate "2021.10.06"]
[SourceQuality "1"]

1. e4 e6 2. d4 d5 3. Nc3 dxe4 4. Nxe4 Nd7 5. Nf3 Ngf6 6. Ng3 b6 7. Be2 Bb7 8. 0-0 Bd6 9. c3 0-0 10. Qc2 Re8 11. Bg5 h6 12. Bd2 e5 13. dxe5 Nxe5 14. Nxe5 Bxe5 15. Bc4 Qd6 16. Rfe1 Qc6 17. Bf1 Re6 18. Rad1 Rae8 19. f3 Bd6 20. Rxe6 Rxe6 21. Be1 Qe8 22. Bf2 g6 23. Qd2 Kg7 24. Bc4 Re7 25. Bd4 Be5 26. Bxe5 Rxe5 27. Kf2 Bd5 28. Bxd5 Rxd5 29. Qe1 Qxe1+ 30. Rxe1 Rd2+ 31. Re2 Rxe2+ 32. Kxe2 Nd5 1/2-1/2

[Event "Niedersachsen-ch Seniors op 09th"]
[Site "Bad Bevensen"]
[Date "2006.06.27"]
[Round "4"]
[White "Luebbers, Doris"]
[Black "Roellig, Wolfgang"]
[Result "1/2-1/2"]
[WhiteElo "1417"]
[BlackElo "1404"]
[PlyCount "28"]
[EventDate "2006.06.24"]
[EventType "swiss"]
[EventRounds "9"]
[EventCountry "GER"]
[SourceTitle "EXT 2022"]
[Source "ChessBase"]
[SourceDate "2021.10.06"]
[SourceVersion "1"]
[SourceVersionDate "2021.10.06"]
[SourceQuality "1"]

1. d4 d5 2. Nf3 Nf6 3. e3 e6 4. Bd3 Bd6 5. Nbd2 c6 6. 0-0 0-0 7. b3 Nbd7 8. Bb2 Re8 9. Ne5 Qc7 10. Ndf3 h6 11. c4 b6 12. Rc1 c5 13. Nxd7 Nxd7 14. Re1 e5 1/2-1/2

[Event "Wch Seniors 14th"]
[Site "Halle"]
[Date "2004.10.29"]
[Round "6"]
[White "Kaiser, Hans"]
[Black "Roellig, Wolfgang"]
[Result "1/2-1/2"]
[WhiteElo "1804"]
[BlackElo "1356"]
[PlyCount "62"]
[EventDate "2004.10.24"]
[EventType "swiss"]
[EventRounds "11"]
[EventCountry "GER"]
[SourceTitle "EXT 2005"]
[Source "ChessBase"]
[SourceDate "2004.11.15"]
[SourceVersion "1"]
[SourceVersionDate "2004.11.15"]
[SourceQuality "1"]

1. e4 e6 2. Nf3 d5 3. Nc3 dxe4 4. Nxe4 Nd7 5. d4 Ndf6 6. Ng3 Bd6 7. Bc4 c6 8. Be3 Nd7 9. Ne4 Be7 10. Qe2 Ngf6 11. Nxf6+ Nxf6 12. 0-0-0 0-0 13. h4 h6 14. Rdg1 Bd6 15. Ne5 Qc7 16. f4 Nd5 17. Bd2 f6 18. Ng6 Rf7 19. g3 Bd7 20. Bd3 Re8 21. Qh5 Bc8 22. Re1 f5 23. Qf3 Ne7 24. Ne5 Bxe5 25. fxe5 b6 26. h5 Bb7 27. Rhg1 c5 28. Qf2 cxd4 29. Qxd4 Bf3 30. Qh4 Rd8 31. Re3 Bg4 1/2-1/2

[Event "Wch Seniors 14th"]
[Site "Halle"]
[Date "2004.10.28"]
[Round "5"]
[White "Roellig, Wolfgang"]
[Black "Schuller, Erhard"]
[Result "1/2-1/2"]
[WhiteElo "1356"]
[BlackElo "1645"]
[PlyCount "31"]
[EventDate "2004.10.24"]
[EventType "swiss"]
[EventRounds "11"]
[EventCountry "GER"]
[SourceTitle "EXT 2005"]
[Source "ChessBase"]
[SourceDate "2004.11.15"]
[SourceVersion "1"]
[SourceVersionDate "2004.11.15"]
[SourceQuality "1"]

1. d4 d5 2. h3 Nf6 3. Nf3 e6 4. Bf4 Nbd7 5. e3 c5 6. c3 a6 7. Bd3 c4 8. Bc2 g6 9. 0-0 Bg7 10. Nbd2 b5 11. a3 Qb6 12. Qc1 0-0 13. Re1 Bb7 14. e4 dxe4 15. Nxe4 Nxe4 16. Bxe4 1/2-1/2

[Event "Brandenburg-ch Seniors 11th"]
[Site "Lindow"]
[Date "2003.09.26"]
[Round "6"]
[White "Roellig, Wolfgang"]
[Black "Wiebke, Elfriede"]
[Result "1-0"]
[WhiteElo "1331"]
[BlackElo "1046"]
[PlyCount "34"]
[EventDate "2003.09.??"]
[EventType "swiss"]
[EventRounds "7"]
[EventCountry "GER"]
[SourceTitle "EXT 2006"]
[Source "ChessBase"]
[SourceDate "2005.11.24"]
[SourceVersion "1"]
[SourceVersionDate "2005.11.24"]
[SourceQuality "1"]

1. d4 d5 2. h3 Nf6 3. Nf3 Nc6 4. Bf4 h6 5. e3 a6 6. c3 e6 7. Bd3 Ne4 8. 0-0 Bd6 9. Bxd6 Nxd6 10. Bc2 0-0 11. Nbd2 b5 12. a3 Bd7 13. Re1 Re8 14. e4 Nc4 15. Nxc4 dxc4 16. d5 exd5 17. Qd2 Qf6 1-0

[Event "Wch Seniors 12th"]
[Site "Naumburg"]
[Date "2002.12.18"]
[Round "2"]
[White "Roellig, Wolfgang"]
[Black "Suchsland, Helmut"]
[Result "0-1"]
[WhiteElo "1442"]
[BlackElo "1786"]
[PlyCount "136"]
[EventDate "2002.10.21"]
[EventType "swiss"]
[EventRounds "11"]
[EventCountry "GER"]
[SourceTitle "EXT 2006"]
[Source "ChessBase"]
[SourceDate "2005.11.24"]
[SourceVersion "1"]
[SourceVersionDate "2005.11.24"]
[SourceQuality "1"]

1. d4 d5 2. h3 c5 3. Nf3 cxd4 4. Qxd4 Nc6 5. Qd1 Nf6 6. c3 e5 7. e3 Bd6 8. Bb5 0-0 9. 0-0 h6 10. Re1 Be6 11. Nbd2 a6 12. Ba4 b5 13. Bc2 Qd7 14. e4 Rae8 15. exd5 Nxd5 16. Ne4 Be7 17. Ned2 Qc7 18. Bb3 Rd8 19. Bc2 f5 20. Bb3 e4 21. Nd4 Nxd4 22. cxd4 Kh7 23. Nf1 Bc8 24. Bd2 Nf4 25. Bxf4 Qxf4 26. d5 Bb7 27. Rc1 Qe5 28. Rc2 Bxd5 29. Bxd5 Rxd5 30. Rd2 Rfd8 31. Ree2 Bb4 32. Rxd5 Rxd5 33. Qb3 Bd6 34. Qc2 Bc7 35. Rd2 Rxd2 36. Qxd2 Bb6 37. b3 Bd4 38. Qc2 Qc5 39. Qe2 Qc3 40. Qd1 Qb2 41. Qd2 Kg6 42. Qxb2 Bxb2 43. Ne3 Ba3 44. Nd5 Bd6 45. g3 Kf7 46. Kg2 g5 47. f3 Ke6 48. Ne3 Bc5 49. Nc2 e3 50. Kf1 Ke5 51. Ke2 f4 52. g4 Kd5 53. Kd3 a5 54. Ke2 a4 55. Kd3 Kc6 56. b4 Be7 57. Nd4+ Kd5 58. a3 Bf6 59. Nxb5 Bb2 60. Nc3+ Kc6 61. b5+ Kd6 62. Nxa4 Bxa3 63. b6 Kc6 64. b7 Kxb7 65. Nc3 Kc6 66. Ke2 Bb2 67. Ne4 Kd5 68. Nf6+ Bxf6 0-1

[Event "Wch Seniors 12th"]
[Site "Naumburg"]
[Date "2002.11.02"]
[Round "11"]
[White "Wiebke, Elfriede"]
[Black "Roellig, Wolfgang"]
[Result "1/2-1/2"]
[WhiteElo "1150"]
[BlackElo "1442"]
[PlyCount "20"]
[EventDate "2002.10.21"]
[EventType "swiss"]
[EventRounds "11"]
[EventCountry "GER"]
[SourceTitle "EXT 2006"]
[Source "ChessBase"]
[SourceDate "2005.11.24"]
[SourceVersion "1"]
[SourceVersionDate "2005.11.24"]
[SourceQuality "1"]

1. e4 e6 2. d4 d5 3. e5 c5 4. c3 cxd4 5. cxd4 Nc6 6. Nf3 Qb6 7. a3 Nge7 8. Nc3 a6 9. b4 Nf5 10. Na4 Qa7 1/2-1/2

[Event "Wch Seniors 12th"]
[Site "Naumburg"]
[Date "2002.11.01"]
[Round "10"]
[White "Roellig, Wolfgang"]
[Black "Farin, Friedrich"]
[Result "0-1"]
[WhiteElo "1442"]
[BlackElo "1324"]
[PlyCount "134"]
[EventDate "2002.10.21"]
[EventType "swiss"]
[EventRounds "11"]
[EventCountry "GER"]
[SourceTitle "EXT 2006"]
[Source "ChessBase"]
[SourceDate "2005.11.24"]
[SourceVersion "1"]
[SourceVersionDate "2005.11.24"]
[SourceQuality "1"]

1. d4 Nf6 2. Nf3 g6 3. h3 Bg7 4. c3 0-0 5. Bf4 d6 6. e3 b6 7. Bd3 Bb7 8. Bc2 Nbd7 9. Nbd2 c6 10. 0-0 Qc7 11. Bh2 e5 12. dxe5 dxe5 13. Qb1 Rae8 14. Rd1 a5 15. Nc4 Nd5 16. Ncd2 f5 17. e4 fxe4 18. Bxe4 Nc5 19. Bc2 Qf7 20. Re1 Kh8 21. Qd1 Nd7 22. Nc4 Re6 23. Ncd2 h6 24. Bg3 b5 25. Qb1 c5 26. a3 a4 27. Nh4 Kh7 28. Nhf3 Ne7 29. Qd1 Nf5 30. Bxf5 gxf5 31. Qc2 e4 32. Nh2 Rfe8 33. f3 f4 34. Bf2 Qg6 35. fxe4 Nf6 36. Re2 Nxe4 37. Rae1 Nxf2 38. Qxg6+ Rxg6 39. Nhf3 Nxh3+ 40. Kh2 Rxe2 41. Rxe2 Ng5 42. Nh4 Re6 43. Rf2 Be5 44. Kg1 Bd6 45. Ndf3 Nxf3+ 46. Nxf3 Bxf3 47. gxf3 Rg6+ 48. Kf1 h5 49. Rd2 h4 50. Rh2 Rh6 51. Kg2 Kg6 52. Kh3 Kf5 53. Re2 c4 54. Re1 Bc5 55. Rd1 Rd6 56. Rxd6 Bxd6 57. Kxh4 Bc5 58. Kh3 Be3 59. Kg2 Bc1 60. Kf2 Bxb2 61. Ke2 Bxc3 62. Kd1 Bb2 63. Kc2 Bxa3 64. Kb1 b4 65. Kc2 b3+ 66. Kb1 Bc5 67. Kb2 a3+ 0-1

[Event "Wch Seniors 12th"]
[Site "Naumburg"]
[Date "2002.10.29"]
[Round "7"]
[White "Mueller, Hartmut Dieter"]
[Black "Roellig, Wolfgang"]
[Result "1/2-1/2"]
[WhiteElo "1505"]
[BlackElo "1442"]
[PlyCount "76"]
[EventDate "2002.10.21"]
[EventType "swiss"]
[EventRounds "11"]
[EventCountry "GER"]
[SourceTitle "EXT 2006"]
[Source "ChessBase"]
[SourceDate "2005.11.24"]
[SourceVersion "1"]
[SourceVersionDate "2005.11.24"]
[SourceQuality "1"]

1. e4 e6 2. d4 d5 3. Nc3 Nf6 4. e5 Nfd7 5. Nf3 c5 6. Ng5 cxd4 7. Qxd4 Nc6 8. Qf4 Ncxe5 9. Bb5 Qf6 10. 0-0 Qxf4 11. Bxf4 Nc6 12. Rfe1 a6 13. Bd3 Nf6 14. a3 h6 15. Nf3 Be7 16. b4 b5 17. h3 0-0 18. Ne2 Rd8 19. Ned4 Nxd4 20. Nxd4 Bd7 21. Re3 Rdc8 22. Rg3 Kh8 23. Re3 Nh5 24. Bh2 Bf6 25. Be5 Bxe5 26. Rxe5 Nf6 27. h4 Rg8 28. f3 Rac8 29. Kf2 Ne8 30. g4 f6 31. Rh5 e5 32. Nf5 Bxf5 33. Bxf5 Rc7 34. Rc1 Nd6 35. Be6 Re8 36. Bxd5 Kh7 37. g5 Rf8 38. g6+ Kxg6 1/2-1/2

[Event "Wch Seniors 12th"]
[Site "Naumburg"]
[Date "2002.10.28"]
[Round "6"]
[White "Roellig, Wolfgang"]
[Black "Rauscher, Erwin"]
[Result "1/2-1/2"]
[WhiteElo "1442"]
[BlackElo "1579"]
[PlyCount "35"]
[EventDate "2002.10.21"]
[EventType "swiss"]
[EventRounds "11"]
[EventCountry "GER"]
[SourceTitle "EXT 2006"]
[Source "ChessBase"]
[SourceDate "2005.11.24"]
[SourceVersion "1"]
[SourceVersionDate "2005.11.24"]
[SourceQuality "1"]

1. d4 f5 2. Nf3 Nf6 3. h3 g6 4. Bf4 Bg7 5. e3 0-0 6. c3 c6 7. Bd3 d5 8. 0-0 Re8 9. Re1 h6 10. Bh2 Nbd7 11. Bc2 Nf8 12. Nbd2 N6d7 13. Rb1 e5 14. Nxe5 Nxe5 15. dxe5 Bxe5 16. Bxe5 Rxe5 17. Nf3 Re7 18. c4 1/2-1/2